| 000 | 00452nam a2200169 i 4500 | ||
|---|---|---|---|
| 001 | 185378 | ||
| 003 | ES-MaACL | ||
| 005 | 20230906222422.0 | ||
| 008 | 160526s1919 fr |||| | spa d | ||
| 245 | 0 | 0 | _aFrases chilenas. |
| 260 |
_aParis : _b[s.n.], _c1919. |
||
| 300 |
_a75 p. ; _c18 cm. |
||
| 490 | 1 | _aPetite collection américaine | |
| 830 | 0 |
_aPetite collection américaine _9225194 |
|
| 852 |
_aES-MaACL _j1588-F-17 |
||
| 999 |
_c185378 _d185378 |
||